|
|
|
|
| LEADER |
00000cam a22000004a 4500 |
| 001 |
musev2_14944 |
| 003 |
MdBmJHUP |
| 005 |
20230905041631.0 |
| 006 |
m o d |
| 007 |
cr||||||||nn|n |
| 008 |
120323s2012 ilu o 00 0 eng d |
| 010 |
|
|
|z 2012005738
|
| 020 |
|
|
|a 9780253007186
|
| 020 |
|
|
|z 9780253000804
|
| 035 |
|
|
|a (OCoLC)795895466
|
| 040 |
|
|
|a MdBmJHUP
|c MdBmJHUP
|
| 043 |
|
|
|a n-us-ak
|
| 050 |
0 |
4 |
|a QE861.8.A4
|b G36 2012
|
| 082 |
0 |
|
|a 567.909798/7
|2 23
|
| 100 |
1 |
|
|a Gangloff, Roland A.
|
| 245 |
1 |
0 |
|a Dinosaurs under the Aurora /
|c Roland A. Gangloff.
|
| 264 |
|
1 |
|a Bloomington :
|b Indiana University Press,
|c 2012.
|
| 264 |
|
3 |
|a Baltimore, Md. :
|b Project MUSE,
|c 2012
|
| 264 |
|
4 |
|c ©2012.
|
| 300 |
|
|
|a 1 online resource (192 pages).
|
| 336 |
|
|
|a text
|b txt
|2 rdacontent
|
| 337 |
|
|
|a computer
|b c
|2 rdamedia
|
| 338 |
|
|
|a online resource
|b cr
|2 rdacarrier
|
| 490 |
0 |
|
|a Life of the past
|
| 504 |
|
|
|a Includes bibliographical references and index.
|
| 505 |
0 |
|
|a The arctic setting -- Tracks lead the way : circumarctic discoveries from Svalbard to Koryakia -- A black gold rush sets the stage for discovery in Alaska -- Peregrines, permafrost, and bone beds : digging dinosaurs on the Colville River -- Texas, teachers, and Chinooks : taking fieldwork to a new level -- The Arctic during the Cretaceous -- Cretaceous dinosaur pathways in the paleo-Arctic and along the western interior seaway -- Applying new technologies to the ancient past -- Natural resources, climate change, and arctic dinosaurs -- Future expansion of the Arctic dinosaur record.
|
| 588 |
|
|
|a Description based on print version record.
|
| 650 |
|
0 |
|a Geology
|z Alaska.
|
| 650 |
|
0 |
|a Geology, Stratigraphic
|y Cretaceous.
|
| 650 |
|
0 |
|a Paleontology
|y Cretaceous.
|
| 650 |
|
0 |
|a Dinosaurs
|z Alaska.
|
| 655 |
|
7 |
|a Electronic books.
|2 local
|
| 710 |
2 |
|
|a Project Muse.
|e distributor
|
| 830 |
|
0 |
|a Book collections on Project MUSE.
|
| 856 |
4 |
0 |
|z Texto completo
|u https://projectmuse.uam.elogim.com/book/14944/
|
| 945 |
|
|
|a Project MUSE - Custom Collection
|
| 945 |
|
|
|a Project MUSE - 2012 Ecology and Evolution
|
| 945 |
|
|
|a Project MUSE - 2012 Complete
|